[Event "32. Abierto Ciudad de Sevilla"]
[Site "Sevilla ESP"]
[Date "2007.01.08"]
[Round "2.16"]
[White "Van der Weide, Karel"]
[Black "Jimenez Gonzalez, Manuel Jose"]
[Result "1-0"]
[WhiteElo "2476"]
[BlackElo "2049"]
[PlyCount "49"]
[EventDate "2007.01.07"]
[EventType "swiss"]
[EventRounds "9"]
[EventCountry "ESP"]
[Source "lmi"]
[SourceDate "2007.01.07"]

1. e4 c5 2. Nf3 d6 3. d4 cxd4 4. Nxd4 Nf6 5. Nc3 a6 6. Be3 Nc6 7. f3 e5 8. Nb3
Be6 9. Qe2 Be7 10. O-O-O Bxb3 11. cxb3 O-O 12. Kb1 b5 13. g4 b4 14. Na4 Nd7 15.
Qc2 Qc8 16. g5 Qb7 17. Bc4 Rac8 18. Bd5 Qb5 19. Qg2 g6 20. h4 Kg7 21. h5 Rh8
22. Qh3 Rcd8 23. Rd2 Nd4 24. f4 f5 25. Rxd4 1-0

[Event "32. Abierto Ciudad de Sevilla"]
[Site "Sevilla ESP"]
[Date "2007.01.08"]
[Round "2.17"]
[White "Morillo-Velarde Gallego, Antonio"]
[Black "Gavrilov, Alexei"]
[Result "0-1"]
[WhiteElo "2051"]
[BlackElo "2465"]
[PlyCount "90"]
[EventDate "2007.01.07"]
[EventType "swiss"]
[EventRounds "9"]
[EventCountry "ESP"]
[Source "lmi"]
[SourceDate "2007.01.07"]

1. e4 c6 2. d4 d5 3. exd5 cxd5 4. Nf3 Nf6 5. Bd3 Bg4 6. h3 Bh5 7. c3 Nc6 8.
Nbd2 e6 9. Qa4 Bd6 10. O-O O-O 11. Re1 Qc7 12. Qd1 Rfe8 13. Be2 Rab8 14. Nf1 b5
15. a3 Na5 16. Ne5 Bxe2 17. Qxe2 Nc4 18. Nd2 a5 19. a4 Nxd2 20. Qxd2 b4 21. Qd3
bxc3 22. bxc3 Rb3 23. Bd2 Ne4 24. Rac1 Bxe5 25. dxe5 Qxe5 26. Qc2 Qb8 27. Rb1
Nxd2 28. Rxb3 Qxb3 29. Qxd2 Qxa4 30. Qb2 Qc6 31. Ra1 a4 32. Qb4 Ra8 33. g3 g6
34. Ra3 h5 35. h4 e5 36. Kh2 Kg7 37. Kg1 Ra6 38. Qb8 e4 39. Qe5+ Kh7 40. Qd4
Qc4 41. Qe3 Kg7 42. Kg2 Kg8 43. Kg1 Ra5 44. Kg2 Rb5 45. Qa7 Rb1 0-1

[Event "32. Abierto Ciudad de Sevilla"]
[Site "Sevilla ESP"]
[Date "2007.01.08"]
[Round "2.18"]
[White "Siebrecht, Sebastian"]
[Black "Zamudio Diaz, Angel"]
[Result "1-0"]
[WhiteElo "2457"]
[BlackElo "2042"]
[PlyCount "93"]
[EventDate "2007.01.07"]
[EventType "swiss"]
[EventRounds "9"]
[EventCountry "ESP"]
[Source "lmi"]
[SourceDate "2007.01.07"]

1. d4 Nf6 2. Nf3 g6 3. c4 Bg7 4. Nc3 O-O 5. e4 d6 6. h3 e5 7. d5 a5 8. Bg5 Na6
9. g4 c6 10. Nd2 Bd7 11. Be2 Nc5 12. b3 Qe8 13. Qc2 Rc8 14. O-O h6 15. Be3 Nh7
16. f3 Qe7 17. a3 h5 18. Qd1 Qh4 19. Kg2 Bh6 20. Bf2 Qg5 21. Ra2 hxg4 22. fxg4
Qd8 23. b4 Na6 24. Qb3 Kh8 25. c5 cxd5 26. Nxd5 Be6 27. Nc4 Bxd5 28. exd5 dxc5
29. Nxa5 cxb4 30. Nxb7 Rc3 31. Nxd8 Rxb3 32. Nc6 Nc7 33. Nxb4 f5 34. Bc5 Rc8
35. Bd6 Bf4 36. Rc2 Rg3+ 37. Kf2 Ng5 38. Bxc7 Ra8 39. Nd3 Ne4+ 40. Ke1 Rxa3 41.
Nxf4 exf4 42. Bxf4 Rgb3 43. d6 Rb1+ 44. Rc1 Rxc1+ 45. Bxc1 Ra1 46. gxf5 gxf5
47. Bf3 1-0

[Event "32. Abierto Ciudad de Sevilla"]
[Site "Sevilla ESP"]
[Date "2007.01.08"]
[Round "2.19"]
[White "Gavira Galocha, Antonio Jesus"]
[Black "Rizouk, Aimen"]
[Result "0-1"]
[WhiteElo "2038"]
[BlackElo "2455"]
[PlyCount "56"]
[EventDate "2007.01.07"]
[EventType "swiss"]
[EventRounds "9"]
[EventCountry "ESP"]
[Source "lmi"]
[SourceDate "2007.01.07"]

1. d4 Nf6 2. Nf3 e6 3. g3 b5 4. Bg2 Bb7 5. Bg5 c5 6. c3 cxd4 7. cxd4 Qa5+ 8.
Bd2 Qb6 9. O-O Be7 10. Bg5 O-O 11. Nbd2 Nc6 12. Nb3 d6 13. a3 a5 14. e3 Rfc8
15. Rc1 h6 16. Bxf6 Bxf6 17. Nbd2 a4 18. g4 d5 19. Re1 b4 20. h4 Qd8 21. h5 Be7
22. Nb1 Bd6 23. Bf1 e5 24. Bb5 e4 25. Bxc6 exf3 26. Qxf3 Bxc6 27. Rc2 Qg5 28.
Kg2 Bd7 0-1

[Event "32. Abierto Ciudad de Sevilla"]
[Site "Sevilla ESP"]
[Date "2007.01.09"]
[Round "3.1"]
[White "Spraggett, Kevin"]
[Black "Teran Alvarez, Ismael"]
[Result "1-0"]
[WhiteElo "2601"]
[BlackElo "2417"]
[PlyCount "89"]
[EventDate "2007.01.07"]
[EventType "swiss"]
[EventRounds "9"]
[EventCountry "ESP"]
[Source "lmi"]
[SourceDate "2007.01.07"]

1. e4 c5 2. Nf3 d6 3. d4 cxd4 4. Nxd4 Nf6 5. Nc3 a6 6. g3 e6 7. Bg2 Be7 8. O-O
O-O 9. b3 Qc7 10. Bb2 Nc6 11. Nce2 e5 12. Nxc6 bxc6 13. c4 Nd7 14. Nc3 Nc5 15.
Qd2 a5 16. Rab1 f5 17. exf5 Bxf5 18. Rbd1 Bd3 19. Rfe1 Bg6 20. Ne4 Nxe4 21.
Bxe4 Bh5 22. Rc1 Rad8 23. Bc3 Ra8 24. c5 Qa7 25. Bxc6 Rac8 26. Bd5+ Kh8 27.
Bxa5 Rxc5 28. Rxc5 Qxc5 29. b4 Qa7 30. Rf1 h6 31. Be4 Qd7 32. Qd3 Bg4 33. a3
Bh3 34. Re1 Bg5 35. Bb6 Be6 36. Rd1 Be7 37. b5 d5 38. Bxd5 Bg4 39. Bc6 Qxd3 40.
Rxd3 Be2 41. Re3 Bxb5 42. Bxb5 Rb8 43. Rxe5 Rxb6 44. Rxe7 Rxb5 45. Re1 1-0

[Event "32. Abierto Ciudad de Sevilla"]
[Site "Sevilla ESP"]
[Date "2007.01.09"]
[Round "3.2"]
[White "Kononenko, Tatiana"]
[Black "Korneev, Oleg"]
[Result "0-1"]
[WhiteElo "2376"]
[BlackElo "2606"]
[PlyCount "46"]
[EventDate "2007.01.07"]
[EventType "swiss"]
[EventRounds "9"]
[EventCountry "ESP"]
[Source "lmi"]
[SourceDate "2007.01.07"]

1. d4 d5 2. c4 e6 3. Nc3 c6 4. e4 dxe4 5. Nxe4 Bb4+ 6. Bd2 Qxd4 7. Bxb4 Qxe4+
8. Ne2 Na6 9. Bf8 Ne7 10. Bxg7 Nb4 11. Qd6 Nc2+ 12. Kd2 Nxa1 13. Bxh8 Qc2+ 14.
Ke1 e5 15. Bxe5 Be6 16. f3 Rd8 17. Qc7 Qd2+ 18. Kf2 Nc2 19. Bf4 Qe1+ 20. Kg1
Rd1 21. Qb8+ Nc8 22. Ng3 Ne3 23. Qe5 Qxf1+ 0-1

[Event "32. Abierto Ciudad de Sevilla"]
[Site "Sevilla ESP"]
[Date "2007.01.09"]
[Round "3.3"]
[White "Burmakin, Vladimir"]
[Black "Ivanov, Jordan"]
[Result "1/2-1/2"]
[WhiteElo "2568"]
[BlackElo "2377"]
[PlyCount "116"]
[EventDate "2007.01.07"]
[EventType "swiss"]
[EventRounds "9"]
[EventCountry "ESP"]
[Source "lmi"]
[SourceDate "2007.01.07"]

1. d4 d5 2. Nf3 Nf6 3. g3 Bg4 4. Bg2 Nbd7 5. c4 c6 6. Ne5 e6 7. Nxg4 Nxg4 8.
O-O Ngf6 9. b3 a5 10. Nc3 Bb4 11. Bb2 O-O 12. a3 Bxc3 13. Bxc3 b5 14. a4 bxc4
15. bxc4 Nb6 16. c5 Nc4 17. Qc2 Qc7 18. e4 Rfb8 19. Rfc1 Qb7 20. Rab1 Qa7 21.
Rxb8+ Rxb8 22. e5 Ne8 23. Bf1 Nc7 24. Rb1 h6 25. Rxb8+ Qxb8 26. Qa2 Qb7 27. Kg2
Na6 28. Bxc4 dxc4 29. Qxc4 Nb4 30. Bxb4 axb4 31. Qb3 g5 32. Kf3 Kg7 33. Ke3 h5
34. Kd2 g4 35. Ke3 Kg6 36. f3 Kg5 37. fxg4 hxg4 38. Kd2 Kh5 39. Qc4 Qe7 40. Kc2
f6 41. Qxb4 Qh7+ 42. Kb2 Qe4 43. exf6 Qe2+ 44. Ka3 Qd3+ 45. Qb3 Qxd4 46. Qxe6
Qc3+ 47. Qb3 Qxc5+ 48. Ka2 Kg6 49. f7 Kg7 50. f8=Q+ Qxf8 51. Qc3+ Kh7 52. Qd3+
Kh6 53. Qe3+ Kh5 54. Qe5+ Kg6 55. Qe4+ Kh5 56. Qxc6 Qf7+ 57. Kb2 Qf2+ 58. Kc3
Qf6+ 1/2-1/2

[Event "32. Abierto Ciudad de Sevilla"]
[Site "Sevilla ESP"]
[Date "2007.01.09"]
[Round "3.4"]
[White "Vehi Bach, Victor Manuel"]
[Black "Epishin, Vladimir"]
[Result "1/2-1/2"]
[WhiteElo "2368"]
[BlackElo "2554"]
[PlyCount "38"]
[EventDate "2007.01.07"]
[EventType "swiss"]
[EventRounds "9"]
[EventCountry "ESP"]
[Source "lmi"]
[SourceDate "2007.01.07"]

1. e4 c6 2. d4 d5 3. e5 Bf5 4. Be3 e6 5. Nd2 f6 6. f4 Nh6 7. Ngf3 Be7 8. Be2
O-O 9. Nb3 Nd7 10. O-O fxe5 11. fxe5 Qe8 12. Qd2 Qg6 13. Bg5 Bxg5 14. Nxg5 Nf7
15. Nxf7 Rxf7 16. Na5 Raf8 17. Bd3 Bxd3 18. Qxd3 Qxd3 19. cxd3 Nb8 1/2-1/2

[Event "32. Abierto Ciudad de Sevilla"]
[Site "Sevilla ESP"]
[Date "2007.01.09"]
[Round "3.6"]
[White "Lanzani, Mario"]
[Black "Dizdar, Goran"]
[Result "0-1"]
[WhiteElo "2338"]
[BlackElo "2541"]
[PlyCount "106"]
[EventDate "2007.01.07"]
[EventType "swiss"]
[EventRounds "9"]
[EventCountry "ESP"]
[Source "lmi"]
[SourceDate "2007.01.07"]

1. d4 Nf6 2. c4 e6 3. Nc3 Bb4 4. a3 Bxc3+ 5. bxc3 b6 6. e3 Bb7 7. f3 Ba6 8. Bd3
Nc6 9. e4 Na5 10. e5 Ng8 11. Qe2 c5 12. Nh3 cxd4 13. Nf2 Qc7 14. cxd4 f5 15.
exf6 Nxf6 16. d5 Bxc4 17. dxe6 dxe6 18. O-O O-O 19. Bb2 Rae8 20. Rac1 b5 21. a4
a6 22. axb5 axb5 23. Ne4 Qb6+ 24. Kh1 Nxe4 25. Qxe4 Bxd3 26. Qxd3 Nc4 27. Bc3
Qc6 28. Rfd1 Rf5 29. Qd7 Qxd7 30. Rxd7 Rf7 31. Rcd1 Ne3 32. R1d6 Rxd7 33. Rxd7
Rc8 34. Bd2 Nd5 35. h4 Rc2 36. Ba5 b4 37. Rb7 Rc4 38. h5 h6 39. Kh2 Kh7 40. Rb8
e5 41. Rb5 Rd4 42. Kg3 g5 43. Rb7+ Kg8 44. Rb8+ Kf7 45. Rb7+ Ke6 46. Rh7 Nf4
47. Rxh6+ Kf5 48. Rh8 Rd2 49. Rf8+ Ke6 50. Kh2 Rxg2+ 51. Kh1 Rg3 52. Re8+ Kd5
53. Rd8+ Kc4 0-1

[Event "32. Abierto Ciudad de Sevilla"]
[Site "Sevilla ESP"]
[Date "2007.01.09"]
[Round "3.7"]
[White "Matamoros Franco, Carlos S"]
[Black "Razmyslov, Alexander"]
[Result "1/2-1/2"]
[WhiteElo "2540"]
[BlackElo "2349"]
[PlyCount "29"]
[EventDate "2007.01.07"]
[EventType "swiss"]
[EventRounds "9"]
[EventCountry "ESP"]
[Source "lmi"]
[SourceDate "2007.01.07"]

1. Nf3 Nf6 2. c4 c6 3. g3 d5 4. Bg2 dxc4 5. O-O Nbd7 6. Qc2 Nb6 7. a4 a5 8. Na3
Qd5 9. Ne1 Qf5 10. e4 Qh5 11. Nxc4 Nxc4 12. Qxc4 e5 13. Nf3 Be6 14. Qc3 Nd7 15.
d4 1/2-1/2

[Event "32. Abierto Ciudad de Sevilla"]
[Site "Sevilla ESP"]
[Date "2007.01.09"]
[Round "3.8"]
[White "Gonzalez Galvan, Juan Manuel"]
[Black "Narciso Dublan, Marc"]
[Result "0-1"]
[WhiteElo "2294"]
[BlackElo "2537"]
[PlyCount "92"]
[EventDate "2007.01.07"]
[EventType "swiss"]
[EventRounds "9"]
[EventCountry "ESP"]
[Source "lmi"]
[SourceDate "2007.01.07"]

1. e4 e5 2. f4 exf4 3. Bc4 Nf6 4. e5 d5 5. Bb5+ Bd7 6. exf6 Bxb5 7. Nc3 Ba6 8.
Qf3 Qxf6 9. Nxd5 Qe5+ 10. Kd1 Nc6 11. d3 g5 12. Ne2 O-O-O 13. Nec3 Nd4 14. Qh5
Rxd5 15. Re1 Qf5 16. Nxd5 Qxd5 17. Bxf4 Nxc2 18. Re8+ Kd7 19. Re5 Qxd3+ 20. Bd2
Bd6 21. Qxf7+ Kc6 22. Rc1 Rf8 23. Qe6 Bc4 24. Rxc2 Qxc2+ 25. Kxc2 Bxe6 26. Rxe6
Rf2 27. Rh6 Rxg2 28. h3 Rh2 29. Kd3 g4 30. hxg4 Rxh6 31. Bxh6 Kd5 32. Bd2 c5
33. Bh6 b5 34. b3 Be5 35. a4 bxa4 36. bxa4 c4+ 37. Kc2 Ke4 38. g5 Kf5 39. Kd2
a6 40. Ke3 Bf4+ 41. Kd4 Bxg5 42. Bf8 h5 43. Bd6 h4 44. Bh2 h3 45. Kxc4 Bf4 46.
Bg1 Ke4 0-1

[Event "32. Abierto Ciudad de Sevilla"]
[Site "Sevilla ESP"]
[Date "2007.01.09"]
[Round "3.9"]
[White "Lalic, Bogdan"]
[Black "Fenollar Jorda, Manuel"]
[Result "1/2-1/2"]
[WhiteElo "2522"]
[BlackElo "2307"]
[PlyCount "59"]
[EventDate "2007.01.07"]
[EventType "swiss"]
[EventRounds "9"]
[EventCountry "ESP"]
[Source "lmi"]
[SourceDate "2007.01.07"]

1. d4 d5 2. c4 c6 3. Nf3 Nf6 4. Nc3 a6 5. c5 Bf5 6. Bf4 Nbd7 7. e3 Nh5 8. Be5
Nxe5 9. dxe5 g6 10. Nd4 Bd7 11. Be2 Ng7 12. O-O Ne6 13. Na4 Bg7 14. f4 Rb8 15.
b4 O-O 16. Nb6 Nxd4 17. exd4 f6 18. Bg4 Bxg4 19. Qxg4 f5 20. Qe2 e6 21. a4 Rf7
22. b5 axb5 23. axb5 g5 24. Qh5 gxf4 25. Rxf4 Qe7 26. Re1 Bf8 27. Kh1 Rg7 28.
Ref1 Rg5 29. Qh3 Qg7 30. R4f3 1/2-1/2

[Event "32. Abierto Ciudad de Sevilla"]
[Site "Sevilla ESP"]
[Date "2007.01.09"]
[Round "3.10"]
[White "Jimenez Hernandez, Cayetano"]
[Black "Paunovic, Dragan"]
[Result "1/2-1/2"]
[WhiteElo "2229"]
[BlackElo "2516"]
[PlyCount "77"]
[EventDate "2007.01.07"]
[EventType "swiss"]
[EventRounds "9"]
[EventCountry "ESP"]
[Source "lmi"]
[SourceDate "2007.01.07"]

1. e4 c5 2. Nf3 e6 3. d4 cxd4 4. Nxd4 a6 5. Nc3 Qc7 6. Bd3 Nf6 7. O-O d6 8. f4
Nbd7 9. Kh1 b5 10. Qe2 Bb7 11. Bd2 b4 12. Nd1 Nc5 13. Nf2 d5 14. exd5 Bxd5 15.
Bc4 Bd6 16. Nf5 O-O 17. Nxd6 Qxd6 18. Bxb4 Rab8 19. Ba3 Rfc8 20. Bxd5 Qxd5 21.
c4 Qf5 22. Rad1 a5 23. b3 h5 24. Qe5 Qxe5 25. fxe5 Nfe4 26. Nxe4 Nxe4 27. Rd7
f5 28. exf6 gxf6 29. Rc1 Rd8 30. Rxd8+ Rxd8 31. c5 Kf7 32. c6 e5 33. Kg1 Ke6
34. Kf1 Rc8 35. Ke2 Nd6 36. Rc5 Ne4 37. Rc1 Nd6 38. Rc5 Ne4 39. Rc1 1/2-1/2

[Event "32. Abierto Ciudad de Sevilla"]
[Site "Sevilla ESP"]
[Date "2007.01.09"]
[Round "3.11"]
[White "Campora Sivori, Daniel"]
[Black "Van Hoolandt, Patrick"]
[Result "1-0"]
[WhiteElo "2510"]
[BlackElo "2257"]
[PlyCount "86"]
[EventDate "2007.01.07"]
[EventType "swiss"]
[EventRounds "9"]
[EventCountry "ESP"]
[Source "lmi"]
[SourceDate "2007.01.07"]

1. d4 Nf6 2. Bg5 e6 3. e4 h6 4. Bxf6 Qxf6 5. Nc3 Bb4 6. Nf3 Bxc3+ 7. bxc3 d6 8.
e5 Qd8 9. Bd3 c5 10. O-O Nc6 11. Bb5 O-O 12. Qe2 cxd4 13. cxd4 Qc7 14. Rfd1 Bd7
15. exd6 Qxd6 16. c4 Rac8 17. Rab1 Rfd8 18. c5 Qe7 19. Bd3 Be8 20. Qe4 g6 21.
h4 Rd5 22. Bc4 Rd7 23. Qe3 Rcd8 24. Rd2 Kg7 25. Rbd1 Qf6 26. g3 Kh7 27. Bd3 Kg7
28. Be4 Rc7 29. Ne5 h5 30. Bg2 Ne7 31. Qa3 a6 32. Qa5 Rdc8 33. Nc4 Nc6 34. Qb6
Qd8 35. Nd6 Bd7 36. Nxc8 Qxc8 37. Rb1 Nd8 38. Qd6 Bb5 39. Qe5+ f6 40. Qe3 Qd7
41. d5 exd5 42. Rxd5 Qc8 43. Rbd1 Nf7 1-0

[Event "32. Abierto Ciudad de Sevilla"]
[Site "Sevilla ESP"]
[Date "2007.01.09"]
[Round "3.12"]
[White "Barrenechea Bahamonde, Gustavo"]
[Black "Krivoshey, Sergei"]
[Result "0-1"]
[WhiteElo "2191"]
[BlackElo "2496"]
[PlyCount "74"]
[EventDate "2007.01.07"]
[EventType "swiss"]
[EventRounds "9"]
[EventCountry "ESP"]
[Source "lmi"]
[SourceDate "2007.01.07"]

1. e4 e6 2. Nf3 d5 3. Nc3 d4 4. Ne2 c5 5. c3 Nf6 6. Ng3 a6 7. cxd4 cxd4 8. e5
Nfd7 9. Qa4 Nc6 10. Nxd4 Ndxe5 11. Nxc6 Nxc6 12. Be2 Qd4 13. Qb3 Be7 14. O-O
O-O 15. Bf3 Qd6 16. Be4 Nd4 17. Qd1 f5 18. Bb1 b5 19. a4 b4 20. Ba2 Bb7 21. d3
Qc6 22. f3 b3 23. Bxb3 Qb6 24. Be3 f4 25. Bxe6+ Kh8 26. a5 Qxe6 27. Bxd4 fxg3
28. hxg3 Bd6 29. Qd2 Qg6 30. g4 Rad8 31. Be3 Bb8 32. Ra3 Qd6 33. f4 Qd5 34. g5
Rde8 35. Rf3 Bd6 36. b4 Kg8 37. Rg3 Bxb4 0-1

[Event "32. Abierto Ciudad de Sevilla"]
[Site "Sevilla ESP"]
[Date "2007.01.09"]
[Round "3.13"]
[White "Parligras, Mircea"]
[Black "Melero Fidalgo, Juan de Dios"]
[Result "1-0"]
[WhiteElo "2494"]
[BlackElo "2195"]
[PlyCount "53"]
[EventDate "2007.01.07"]
[EventType "swiss"]
[EventRounds "9"]
[EventCountry "ESP"]
[Source "lmi"]
[SourceDate "2007.01.07"]

1. e4 c5 2. Nf3 e6 3. d4 cxd4 4. Nxd4 Nf6 5. Nc3 d6 6. g4 Nc6 7. g5 Nd7 8. Be3
a6 9. h4 Nxd4 10. Qxd4 b5 11. O-O-O Qa5 12. Kb1 b4 13. Ne2 e5 14. Qd2 Nc5 15.
Bg2 Be6 16. Nc1 Rb8 17. f4 Na4 18. Nb3 Qc7 19. f5 Bd7 20. h5 a5 21. g6 Bc6 22.
gxf7+ Qxf7 23. h6 g6 24. fxg6 hxg6 25. Rdf1 Qe6 26. Bh3 Qc4 27. Rxf8+ 1-0

[Event "32. Abierto Ciudad de Sevilla"]
[Site "Sevilla ESP"]
[Date "2007.01.09"]
[Round "3.14"]
[White "Durao, Joaquim"]
[Black "Tissir, Mohamed"]
[Result "0-1"]
[WhiteElo "2167"]
[BlackElo "2482"]
[PlyCount "70"]
[EventDate "2007.01.07"]
[EventType "swiss"]
[EventRounds "9"]
[EventCountry "ESP"]
[Source "lmi"]
[SourceDate "2007.01.07"]

1. e4 c5 2. Nf3 e6 3. d4 cxd4 4. Nxd4 a6 5. Bd3 Bc5 6. Nb3 Be7 7. O-O d6 8. Nc3
Nd7 9. f4 Qc7 10. a4 b6 11. a5 b5 12. Qg4 Ngf6 13. Qxg7 Rg8 14. Qh6 Ng4 15. Qh3
Qa7+ 16. Kh1 Nf2+ 17. Rxf2 Qxf2 18. Be3 Qh4 19. Qf3 Bb7 20. Nd2 Rc8 21. Ne2 Nf6
22. Rc1 d5 23. e5 Ng4 24. Bg1 Bc5 25. Qg3 Nf2+ 26. Bxf2 Rxg3 27. Bxg3 Qh5 28.
Rf1 Be3 29. Nf3 Ke7 30. f5 Rg8 31. Bh4+ Ke8 32. Ng3 Qh6 33. c3 Rg4 34. fxe6
fxe6 35. Re1 Ba7 0-1

[Event "32. Abierto Ciudad de Sevilla"]
[Site "Sevilla ESP"]
[Date "2007.01.09"]
[Round "3.15"]
[White "Komljenovic, Davor"]
[Black "Aranaz Portugues, Jose Carlos"]
[Result "1-0"]
[WhiteElo "2481"]
[BlackElo "2180"]
[PlyCount "45"]
[EventDate "2007.01.07"]
[EventType "swiss"]
[EventRounds "9"]
[EventCountry "ESP"]
[Source "lmi"]
[SourceDate "2007.01.07"]

1. d4 g6 2. c4 Bg7 3. e4 c5 4. d5 d6 5. Nc3 Nd7 6. f4 Bxc3+ 7. bxc3 Qa5 8. Bd2
Nb6 9. Bd3 Bd7 10. Nf3 O-O-O 11. a4 h5 12. O-O Nh6 13. Nd4 cxd4 14. cxd4 Qa6
15. Qb1 Kb8 16. Rc1 Nxa4 17. c5 b5 18. c6 Qb6 19. Qb4 Ka8 20. Bxb5 e5 21. cxd7
exd4 22. Bc6+ Kb8 23. Qxd6+ 1-0

[Event "32. Abierto Ciudad de Sevilla"]
[Site "Sevilla ESP"]
[Date "2007.01.09"]
[Round "3.18"]
[White "Lopez Rodriguez, Fernando"]
[Black "Siebrecht, Sebastian"]
[Result "0-1"]
[WhiteElo "2152"]
[BlackElo "1457"]
[PlyCount "64"]
[EventDate "2007.01.07"]
[EventType "swiss"]
[EventRounds "9"]
[EventCountry "ESP"]
[Source "lmi"]
[SourceDate "2007.01.07"]

1. d4 g6 2. c4 Bg7 3. Nc3 c5 4. d5 f5 5. h4 Bxc3+ 6. bxc3 Nf6 7. h5 Rg8 8. hxg6
hxg6 9. Nh3 Qa5 10. Bd2 d6 11. Ng5 Nbd7 12. Qb3 Nb6 13. e3 Bd7 14. a3 O-O-O 15.
Bd3 Rh8 16. Ke2 Qa6 17. Qa2 Qa4 18. Nf7 Rxh1 19. Rxh1 Rf8 20. Ng5 Ne4 21. Nxe4
fxe4 22. Bxe4 Nxc4 23. Bc2 Qa5 24. f4 Bg4+ 25. Ke1 b5 26. Qb3 Nxa3 27. Bxg6 Nc4
28. Rh4 Bd7 29. g4 Rg8 30. Qb1 Rxg6 31. Qxg6 Qa1+ 32. Ke2 Qg1 0-1

[Event "32. Abierto Ciudad de Sevilla"]
[Site "Sevilla ESP"]
[Date "2007.01.09"]
[Round "3.20"]
[White "Jimenez De La Torre, Jose Antonio"]
[Black "Lariño Nieto, David"]
[Result "0-1"]
[WhiteElo "2145"]
[BlackElo "2450"]
[PlyCount "126"]
[EventDate "2007.01.07"]
[EventType "swiss"]
[EventRounds "9"]
[EventCountry "ESP"]
[Source "lmi"]
[SourceDate "2007.01.07"]

1. e4 e6 2. d4 d5 3. Nd2 Nf6 4. e5 Nfd7 5. Bd3 c5 6. c3 Nc6 7. Ngf3 g5 8. h3 h5
9. Nf1 Rg8 10. g4 cxd4 11. cxd4 Bb4+ 12. Bd2 Qb6 13. Bxb4 Nxb4 14. a3 Nxd3+ 15.
Qxd3 h4 16. O-O-O Qa5 17. Qd2 Qd8 18. Ne3 a5 19. Kb1 Nb6 20. Rc1 Bd7 21. Qd3
Rg7 22. Rhe1 Bc6 23. Nd2 Kf8 24. Qb3 Kg8 25. Rc5 Nd7 26. Rc3 Qb8 27. f4 f6 28.
Nf3 fxe5 29. fxe5 Qf8 30. Qc2 Nb6 31. Rf1 Qe7 32. Nf5 exf5 33. gxf5 Nd7 34. f6
Nxf6 35. Rxc6 bxc6 36. Qxc6 Rf8 37. exf6 Rxf6 38. Qxd5+ Qf7 39. Qxa5 Qg6+ 40.
Ka2 Rf5 41. Qa8+ Kh7 42. Qe4 Kh8 43. d5 Qf7 44. Ka1 Rf4 45. Qd3 Qf6 46. Nh2
Rxf1+ 47. Nxf1 g4 48. hxg4 Rxg4 49. Ne3 Rf4 50. Qb5 Re4 51. Qd3 Qg6 52. Qc3+
Kh7 53. Qc7+ Kh6 54. Nc2 h3 55. Qh2 Qg4 56. Qd6+ Kh5 57. Qf8 Qd1+ 58. Ka2 Qxc2
59. Qf7+ Kh4 60. Qf6+ Kg3 61. Qd6+ Rf4 62. Qe5 Qc4+ 63. Kb1 Qe4+ 0-1

[Event "32. Abierto Ciudad de Sevilla"]
[Site "Sevilla ESP"]
[Date "2007.01.09"]
[Round "3.21"]
[White "Movsziszian, Karen"]
[Black "Oliva Del Amo, Antonio Jose"]
[Result "1-0"]
[WhiteElo "2445"]
[BlackElo "2133"]
[PlyCount "69"]
[EventDate "2007.01.07"]
[EventType "swiss"]
[EventRounds "9"]
[EventCountry "ESP"]
[Source "lmi"]
[SourceDate "2007.01.07"]

1. e4 d6 2. d4 Nf6 3. Nc3 g6 4. Be3 c6 5. Qd2 b5 6. Bd3 Nbd7 7. Nf3 e5 8. dxe5
dxe5 9. h3 Bg7 10. a4 b4 11. Ne2 a5 12. c3 c5 13. Ng3 O-O 14. O-O Bb7 15. Rfd1
Qe7 16. Bh6 Rfe8 17. Bxg7 Kxg7 18. Bb5 Red8 19. Qg5 Qe6 20. Rd6 h6 21. Qd2 Qe7
22. Rd1 Bd5 23. Rxd5 Nxd5 24. exd5 f5 25. d6 Qf6 26. Qd5 e4 27. Bxd7 exf3 28.
Bb5 bxc3 29. bxc3 Qxc3 30. gxf3 Kf6 31. d7 Qe5 32. Qc6+ Ke7 33. Qxg6 Rg8 34.
Nxf5+ Qxf5 35. Re1+ 1-0

[Event "32. Abierto Ciudad de Sevilla"]
[Site "Sevilla ESP"]
[Date "2007.01.10"]
[Round "4.1"]
[White "Siebrecht, Sebastian"]
[Black "Spraggett, Kevin"]
[Result "0-1"]
[WhiteElo "2457"]
[BlackElo "2633"]
[PlyCount "36"]
[EventDate "2007.01.07"]
[EventType "swiss"]
[EventRounds "9"]
[EventCountry "ESP"]
[Source "lmi"]
[SourceDate "2007.01.07"]

1. d4 Nf6 2. Nf3 e6 3. c4 b6 4. g3 Ba6 5. b3 d5 6. Bg2 Bb4+ 7. Bd2 Be7 8. Qc2
O-O 9. O-O c5 10. cxd5 exd5 11. Bc1 Nc6 12. Bb2 Re8 13. dxc5 Bxc5 14. Re1 Ne4
15. e3 Nb4 16. Qd1 Nxf2 17. Kxf2 Nd3+ 18. Kg1 Rxe3 0-1

[Event "32. Abierto Ciudad de Sevilla"]
[Site "Sevilla ESP"]
[Date "2007.01.10"]
[Round "4.3"]
[White "Lariño Nieto, David"]
[Black "Lopez Martinez, Josep Manuel"]
[Result "1/2-1/2"]
[WhiteElo "2450"]
[BlackElo "2550"]
[PlyCount "93"]
[EventDate "2007.01.07"]
[EventType "swiss"]
[EventRounds "9"]
[EventCountry "ESP"]
[Source "lmi"]
[SourceDate "2007.01.07"]

1. e4 e5 2. Nc3 Nf6 3. Nf3 Nc6 4. g3 Bc5 5. Bg2 d6 6. d3 a5 7. Be3 Ng4 8. Bxc5
dxc5 9. O-O Nf6 10. h3 O-O 11. Re1 Nd7 12. Nd5 Nd4 13. c3 Nxf3+ 14. Qxf3 a4 15.
Ne3 Nb8 16. Qh5 Nc6 17. f4 f6 18. f5 a3 19. b3 Bd7 20. Qd1 Be8 21. Nc2 Bf7 22.
Re3 b5 23. Qc1 Ra5 24. g4 b4 25. c4 Nd4 26. Qd2 Nxc2 27. Qxc2 Qd4 28. Rae1 g5
29. Bf3 Ra6 30. R1e2 Rd6 31. Qc1 Kg7 32. h4 gxh4 33. Kh2 Rg8 34. Rg2 Kf8 35.
Bd1 Rg5 36. Rh3 Rd7 37. Qe3 Qxe3 38. Rxe3 Kg7 39. Rh3 h5 40. Be2 hxg4 41. Rxh4
Rd8 42. Kg3 Rh8 43. Rxh8 Kxh8 44. Rh2+ Bh5 45. Rh4 Kg7 46. Bd1 Kh6 47. Bxg4
1/2-1/2

[Event "32. Abierto Ciudad de Sevilla"]
[Site "Sevilla ESP"]
[Date "2007.01.10"]
[Round "4.4"]
[White "Dizdar, Goran"]
[Black "Van der Weide, Karel"]
[Result "1-0"]
[WhiteElo "2541"]
[BlackElo "2476"]
[PlyCount "61"]
[EventDate "2007.01.07"]
[EventType "swiss"]
[EventRounds "9"]
[EventCountry "ESP"]
[Source "lmi"]
[SourceDate "2007.01.07"]

1. Nf3 Nf6 2. g3 g6 3. Bg2 Bg7 4. c4 O-O 5. d4 d6 6. O-O Nc6 7. Nc3 Rb8 8. d5
Na5 9. Nd2 c5 10. Rb1 a6 11. b3 b5 12. Bb2 h5 13. Qc2 Bf5 14. e4 Bd7 15. Nd1 e5
16. f4 exf4 17. gxf4 bxc4 18. bxc4 Re8 19. Bc3 Rxb1 20. Qxb1 Bg4 21. e5 Nh7 22.
Nf2 dxe5 23. Nxg4 hxg4 24. f5 g5 25. f6 Nxf6 26. Qf5 Nb7 27. Ne4 Nd6 28. Nxf6+
Bxf6 29. Qxf6 Qxf6 30. Rxf6 Nxc4 31. Rc6 1-0